000 nam a22 7a 4500
999 _c25674
_d25674
008 170201b xxu||||| |||| 00| 0 eng d
020 _a9781285032771
050 _aQH 308.2 .S65 2011
100 _aSolomon Eldra P.
_d2011
245 _aBiology /
_cEldra P. Solomon,Linda R. Berg, Diana W. Martin
260 _aAystralia:
_bCengage,
_c2011.
300 _a1263 p.:
_bill.;
_c28cm.
440 _vVolume Two
500 _aincludes bibliographical references and index.
650 _2Biology
700 _aBerg Linda R.
700 _aMartin,Diana W.
942 _2lcc
_cBOOKS
_hQH 308.2 .S65 2011
_k33353